Statistics for The Pacific Ocean by Letter - C

Click here to take the quiz!

General Stats

  • This quiz has been taken 68 times
  • The average score is 8 of 16

Answer Stats

Hint Answer % Correct
Its capital is SantiagoChile
98%
Vancouver's countryCanada
98%
Most populous US stateCalifornia
90%
NZ city struck by an earthquakeChristchurch
71%
Self-governing island country in free association with NZCook Islands
61%
A hurricane occurs in the Atlantic, a ..... occurs in the south PacificCyclone
61%
Greenest country in the worldCosta Rica
59%
Largest river in the Pacific NorthwestColumbia River
53%
Sea northeast of AustraliaCoral Sea
49%
Former name of SulawesiCelebes
37%
At the southern tip of Baja CaliforniaCabo San Lucas
33%
Southernmost headland of Tierra del FuegoCape Horn
31%
Former name of the biggest city bordering the PacificCanton
24%
Small NZ archipelagoChatham Islands
16%
Island National Park belonging to ^Cocos Islands
8%
Easternmost peninsula of AsiaChukchi
2%

Score Distribution

Percentile by Number Answered

Percent of People with Each Score

Your Score History

You have not taken this quiz